000 00479nam a2200181 a 4500
001 13656
003 CO-ViMGA
008 141112s2004 ck r 000 u spa d
020 _a9589233090
040 _aCO-ViMGA
_bspa
_cCO-ViMGA
082 0 4 _aCo863 M176t
100 1 _aMarquez Cristo, Gonzalo
_919921
245 1 0 _aEl tempestario y otros relatos
260 _aSantafé de Bogotá :
_bComun Presencia,
_c1998
300 _a76
650 1 4 _aCUENTOS COLOMBIANOS
942 _2ddc
_cBK
999 _c24379
_d24379